<?xml version="1.0" encoding="UTF-8"?>
<record
    xmlns:xsi="http://www.w3.org/2001/XMLSchema-instance"
    xsi:schemaLocation="http://www.loc.gov/MARC21/slim http://www.loc.gov/standards/marcxml/schema/MARC21slim.xsd"
    xmlns="http://www.loc.gov/MARC21/slim">

  <leader>00599nam a22001577a 4500</leader>
  <datafield tag="999" ind1=" " ind2=" ">
    <subfield code="c">122190</subfield>
    <subfield code="d">122190</subfield>
  </datafield>
  <controlfield tag="005">20210505102214.0</controlfield>
  <controlfield tag="008">210505b           ||||| |||| 00| 0 eng d</controlfield>
  <datafield tag="040" ind1=" " ind2=" ">
    <subfield code="c">PK-LaUMT</subfield>
  </datafield>
  <datafield tag="082" ind1=" " ind2=" ">
    <subfield code="a">RHC 891.551</subfield>
    <subfield code="b">ABD-S</subfield>
  </datafield>
  <datafield tag="100" ind1=" " ind2=" ">
    <subfield code="a">Abdul Rashid Fazal, Syed Muhammad = &#x639;&#x628;&#x62F;&#x627;&#x644;&#x631;&#x634;&#x6CC;&#x62F; &#x641;&#x627;&#x636;&#x644;&#x60C; &#x633;&#x6CC;&#x62F; &#x645;&#x62D;&#x645;&#x62F;</subfield>
  </datafield>
  <datafield tag="245" ind1=" " ind2=" ">
    <subfield code="a">Sharah lowahe Jami = &#x634;&#x631;&#x62D; &#x644;&#x648;&#x627;&#x626;&#x62D; &#x62C;&#x627;&#x645;&#x6CC; /</subfield>
    <subfield code="c">by Syed Muhammad Abdul Rashid Fazal = &#x627;&#x632; &#x633;&#x6CC;&#x62F; &#x645;&#x62D;&#x645;&#x62F; &#x639;&#x628;&#x62F;&#x627;&#x644;&#x631;&#x634;&#x6CC;&#x62F; &#x641;&#x627;&#x636;&#x644;</subfield>
  </datafield>
  <datafield tag="260" ind1=" " ind2=" ">
    <subfield code="a">Karachi :</subfield>
    <subfield code="b">Idarahh Tunveraat Ilm o Adab, </subfield>
    <subfield code="c">1985</subfield>
  </datafield>
  <datafield tag="300" ind1=" " ind2=" ">
    <subfield code="a">176 p.</subfield>
  </datafield>
  <datafield tag="650" ind1=" " ind2=" ">
    <subfield code="a">Persian literature-Poetry</subfield>
  </datafield>
  <datafield tag="942" ind1=" " ind2=" ">
    <subfield code="c">BK</subfield>
  </datafield>
  <datafield tag="952" ind1=" " ind2=" ">
    <subfield code="0">0</subfield>
    <subfield code="1">0</subfield>
    <subfield code="4">0</subfield>
    <subfield code="7">0</subfield>
    <subfield code="a">01</subfield>
    <subfield code="b">01</subfield>
    <subfield code="d">2021-05-05</subfield>
    <subfield code="l">0</subfield>
    <subfield code="o">RHC 891.551 ABD-S</subfield>
    <subfield code="p">136712</subfield>
    <subfield code="r">2021-05-05 00:00:00</subfield>
    <subfield code="w">2021-05-05</subfield>
    <subfield code="y">BK</subfield>
  </datafield>
</record>
